If you lived with the Indians of the northwest coast / (Record no. 10118)

MARC details
000 -LEADER
fixed length control field 01075nam a22003017a 4500
001 - CONTROL NUMBER
control field 10118
003 - CONTROL NUMBER IDENTIFIER
control field FISKH
005 - DATE AND TIME OF LATEST TRANSACTION
control field 20260421142842.0
008 - FIXED-LENGTH DATA ELEMENTS--GENERAL INFORMATION
fixed length control field 260421b cb ||||| |||| 00| 0 eng d
020 ## - INTERNATIONAL STANDARD BOOK NUMBER
International Standard Book Number 9780439260770
040 ## - CATALOGING SOURCE
Original cataloging agency FISKH
Language of cataloging eng
Transcribing agency FISKH
Modifying agency FISKH
050 ## - LIBRARY OF CONGRESS CALL NUMBER
Classification number E78 .N78 .K36
082 ## - DEWEY DECIMAL CLASSIFICATION NUMBER
Classification number 979.500497
100 ## - MAIN ENTRY--PERSONAL NAME
Personal name Kamma , Anne
245 ## - TITLE STATEMENT
Title If you lived with the Indians of the northwest coast /
Statement of responsibility, etc. by Anne Kamma : Illustrated by Pamela Johnson
250 ## - EDITION STATEMENT
Edition statement First Scholastic printing , April 2002
260 ## - PUBLICATION, DISTRIBUTION, ETC.
Place of publication, distribution, etc. New York :
Name of publisher, distributor, etc. Scholastic ,
Date of publication, distribution, etc. 2002.
300 ## - PHYSICAL DESCRIPTION
Extent 63 pages :
Other physical details color illustrations ;
Dimensions 19 X 23 cm .
490 ## - SERIES STATEMENT
Series statement If you .....
505 ## - FORMATTED CONTENTS NOTE
Formatted contents note U <br/>
520 ## - SUMMARY, ETC.
Summary, etc. Describes the daily life of the Indians, their clothing, food, games, and customs before and after the coming of the white man.
521 8# - TARGET AUDIENCE NOTE
Target audience note 840 <br/>
Source Lexile <br/>
521 8# - TARGET AUDIENCE NOTE
Target audience note U <br/>
Source Raz-Plus <br/>
650 ## - SUBJECT ADDED ENTRY--TOPICAL TERM
Topical term or geographic name entry element Indians of North America--Northwest Coast of North America
Form subdivision Juvenile literature
700 ## - ADDED ENTRY--PERSONAL NAME
Personal name Johnson , Pamela
Relator term Illustrator
942 ## - ADDED ENTRY ELEMENTS (KOHA)
Source of classification or shelving scheme Dewey Decimal Classification
Koha item type Books
Suppress in OPAC No
Holdings
Withdrawn status Lost status Source of classification or shelving scheme Damaged status Not for loan Collection Home library Current library Shelving location Date acquired Total Checkouts Full call number Barcode Date last seen Price effective from Koha item type
    Dewey Decimal Classification     Non-Fiction Footprints International School Library Network Toul Tom Poung Campus Footprints International School Library Network Toul Tom Poung Campus TTP Secondary Non-Fiction Bookshelves 04/21/2026   KAM 979.500497 E78 .N78 .K36 FIS01350 04/21/2026 04/21/2026 Books